[Event "416 Stay Safe Play From Home series"]
[Site "Emanuel Lasker Arena"]
[Date "2020.08.27"]
[Round "1"]
[White "Mepe_Nika"]
[Black "Padmaesh M K"]
[Result "1-0"]
[WhiteElo "2287"]
[BlackElo "1794"]
[PlyCount "91"]
[EventDate "2020.08.27"]
[EventType "swiss (blitz)"]

1. Nf3 {[%emt 0:00:01]} Nf6 {[%emt 0:00:03]} 2. d4 {[%emt 0:00:01]} g6 {[%emt 0:00:00]} 3. c4 {[%emt 0:00:02]} Bg7 {[%emt 0:00:00]} 4. Nc3 {[%emt 0:00:00]} d6 {[%emt 0:00:04]} 5. e4 {[%emt 0:00:01]} O-O {[%emt 0:00:01]} 6. h3 {[%emt 0:00:03]} Nbd7 {[%emt 0:00:03]} 7. Be3 {[%emt 0:00:04]} e5 {[%emt 0:00:01]} 8. d5 {[%emt 0:00:00]} b6 {[%emt 0:00:03]} 9. g4 {[%emt 0:00:02]} a5 {[%emt 0:00:13]} 10. Nd2 {[%emt 0:00:02]} Nc5 {[%emt 0:00:09]} 11. Be2 {[%emt 0:00:05]} Bd7 {[%emt 0:00:16]} 12. h4 {[%emt 0:00:03]} Qc8 {[%emt 0:00:20]} 13. Rg1 {[%emt 0:00:16]} Ne8 {[%emt 0:00:14]} 14. h5 {[%emt 0:00:02]} f5 {[%emt 0:00:06]} 15. hxg6 {[%emt 0:00:02]} hxg6 {[%emt 0:00:02]} 16. gxf5 {[%emt 0:00:01]} gxf5 {[%emt 0:00:01]} 17. Bxc5 {[%emt 0:00:14]} bxc5 {[%emt 0:00:02]} 18. exf5 {[%emt 0:00:03]} Bxf5 {[%emt 0:00:01]} 19. Nde4 {[%emt 0:00:02]} Nf6 {[%emt 0:00:04]} 20. Bd3 {[%emt 0:00:01]} Nxe4 {[%emt 0:00:03]} 21. Bxe4 {[%emt 0:00:03]} Bxe4 {[%emt 0:00:04]} 22. Nxe4 {[%emt 0:00:01]} Qf5 {[%emt 0:00:01]} 23. Qd3 {[%emt 0:00:07]} Rab8 {[%emt 0:00:03]} 24. O-O-O {[%emt 0:00:02]} Qf3 {[%emt 0:00:12]} 25. Kc2 {[%emt 0:00:53]} a4 {[%emt 0:00:09]} 26. Qxf3 {[%emt 0:00:09]} Rxf3 {[%emt 0:00:03]} 27. Rg4 {[%emt 0:00:00]} Rf4 {[%emt 0:00:08]} 28. Rdg1 {[%emt 0:00:06]} Rxg4 {[%emt 0:00:05]} 29. Rxg4 {[%emt 0:00:00]} Kf7 {[%emt 0:00:01]} 30. Ng5+ {[%emt 0:00:01]} Kf6 {[%emt 0:00:08]} 31. Ne6 {[%emt 0:00:00]} Bh6 {[%emt 0:00:11]} 32. Nxc7 {[%emt 0:00:01]} Rb7 {[%emt 0:00:01]} 33. Nb5 {[%emt 0:00:01]} Rd7 {[%emt 0:00:02]} 34. b4 {[%emt 0:00:03]} Bg5 {[%emt 0:00:01]} 35. bxc5 {[%emt 0:00:02]} dxc5 {[%emt 0:00:00]} 36. Kb2 {[%emt 0:00:02]} Kf5 {[%emt 0:00:00]} 37. f3 {[%emt 0:00:01]} Bf4 {[%emt 0:00:03]} 38. Ka3 {[%emt 0:00:01]} Bg5 {[%emt 0:00:00]} 39. Kxa4 {[%emt 0:00:01]} Rd8 {[%emt 0:00:00]} 40. Kb3 {[%emt 0:00:02]} Ra8 {[%emt 0:00:00]} 41. a4 {[%emt 0:00:01]} Rb8 {[%emt 0:00:00]} 42. a5 {[%emt 0:00:01]} Ra8 {[%emt 0:00:00]} 43. Ka4 {[%emt 0:00:01]} Ra6 {[%emt 0:00:01]} 44. d6 {[%emt 0:00:01]} Bd8 {[%emt 0:00:02]} 45. Rg7 {[%emt 0:00:03]} Bg5 {[%emt 0:00:00]} 46. Rf7+ {[%emt 0:00:01] Time Time Time (Lag: Av=0.49s, max=0.7s) (Lag: Av=0.49s, max=0.7s) (Lag: Av=0.49s, max=0.7s)} 1-0

[Event "416 Stay Safe Play From Home series"]
[Site "Emanuel Lasker Arena"]
[Date "2020.08.27"]
[Round "1"]
[White "Lazieri3"]
[Black "Nguyen Hong Anh"]
[Result "0-1"]
[WhiteElo "2015"]
[BlackElo "2252"]
[PlyCount "98"]
[EventDate "2020.08.27"]
[EventType "swiss (blitz)"]

1. e4 {[%emt 0:00:01]} c5 {[%emt 0:00:02]} 2. Nc3 {[%emt 0:00:00]} Nc6 {[%emt 0:00:00]} 3. Nf3 {[%emt 0:00:01]} g6 {[%emt 0:00:01]} 4. d3 {[%emt 0:00:01]} Bg7 {[%emt 0:00:01]} 5. Be3 {[%emt 0:00:00]} e6 {[%emt 0:00:01]} 6. Qd2 {[%emt 0:00:02]} b6 {[%emt 0:00:02]} 7. Be2 {[%emt 0:00:02]} d5 {[%emt 0:00:01]} 8. exd5 {[%emt 0:00:02]} exd5 {[%emt 0:00:01]} 9. d4 {[%emt 0:00:01]} cxd4 {[%emt 0:00:08]} 10. Nxd4 {[%emt 0:00:00]} Nge7 {[%emt 0:00:02]} 11. Nxc6 {[%emt 0:00:07]} Nxc6 {[%emt 0:00:04] Lazieri3 offers a draw Lazieri3 offers a draw Lazieri3 offers a draw} 12. Bh6 {[%emt 0:00:15]} O-O {[%emt 0:00:13]} 13. Bxg7 {[%emt 0:00:01]} Kxg7 {[%emt 0:00:04]} 14. Qxd5 {[%emt 0:00:05]} Qf6 {[%emt 0:00:13]} 15. O-O {[%emt 0:00:06]} Bb7 {[%emt 0:00:05]} 16. Qf3 {[%emt 0:00:16]} Rad8 {[%emt 0:00:24]} 17. Qxf6+ {[%emt 0:00:02]} Kxf6 {[%emt 0:00:01]} 18. Bf3 {[%emt 0:00:05]} Rd7 {[%emt 0:00:05]} 19. Rad1 {[%emt 0:00:05]} Rfd8 {[%emt 0:00:01]} 20. Rxd7 {[%emt 0:00:02]} Rxd7 {[%emt 0:00:01]} 21. Re1 {[%emt 0:00:03]} Nd4 {[%emt 0:00:03]} 22. Bxb7 {[%emt 0:00:09]} Rxb7 {[%emt 0:00:01]} 23. Ne4+ {[%emt 0:00:06]} Kg7 {[%emt 0:00:04]} 24. c3 {[%emt 0:00:01]} Ne6 {[%emt 0:00:06]} 25. g3 {[%emt 0:00:05]} Rd7 {[%emt 0:00:06]} 26. Re2 {[%emt 0:00:01]} f5 {[%emt 0:00:07]} 27. Rd2 {[%emt 0:00:08]} Re7 {[%emt 0:00:03]} 28. Nd6 {[%emt 0:00:03]} Ng5 {[%emt 0:00:01]} 29. Kg2 {[%emt 0:00:06]} Kf6 {[%emt 0:00:02]} 30. f4 {[%emt 0:00:03]} Ne6 {[%emt 0:00:02]} 31. Nc4 {[%emt 0:00:06]} Rc7 {[%emt 0:00:02]} 32. Ne5 {[%emt 0:00:04]} Nc5 {[%emt 0:00:01]} 33. Rd8 {[%emt 0:00:08]} Na4 {[%emt 0:00:04]} 34. Rd2 {[%emt 0:00:04]} Nc5 {[%emt 0:00:03]} 35. Kf3 {[%emt 0:00:02]} Ne4 {[%emt 0:00:02]} 36. Rd8 {[%emt 0:00:03]} g5 {[%emt 0:00:01] Lazieri3 offers a draw Lazieri3 offers a draw Lazieri3 offers a draw} 37. Nd7+ {[%emt 0:00:03]} Ke7 {[%emt 0:00:02]} 38. Rf8 {[%emt 0:00:02]} Rxd7 {[%emt 0:00:02]} 39. Rxf5 {[%emt 0:00:01]} Nd2+ {[%emt 0:00:01]} 40. Ke2 {[%emt 0:00:01]} gxf4 {[%emt 0:00:01]} 41. Rxf4 {[%emt 0:00:01]} b5 {[%emt 0:00:03]} 42. Rh4 {[%emt 0:00:03]} Kd8 {[%emt 0:00:01]} 43. b3 {[%emt 0:00:09]} Nb1 {[%emt 0:00:03]} 44. c4 {[%emt 0:00:09]} b4 {[%emt 0:00:01]} 45. Rh5 {[%emt 0:00:02]} Nc3+ {[%emt 0:00:01]} 46. Ke3 {[%emt 0:00:01]} a6 {[%emt 0:00:01]} 47. Ra5 {[%emt 0:00:01]} Rd6 {[%emt 0:00:01]} 48. Kf4 {[%emt 0:00:01]} Kc7 {[%emt 0:00:02]} 49. Ke5 {[%emt 0:00:00]} Rd2 {[%emt 0:00:02] Time Time Time (Lag: Av=1.33s, max=2.0s) (Lag: Av=1.33s, max=2.0s) (Lag: Av=1.33s, max=2.0s)} 0-1

[Event "416 Stay Safe Play From Home series"]
[Site "Emanuel Lasker Arena"]
[Date "2020.08.27"]
[Round "1"]
[White "GMONIK"]
[Black "Hickey"]
[Result "0-1"]
[WhiteElo "1661"]
[BlackElo "2120"]
[PlyCount "74"]
[EventDate "2020.08.27"]
[EventType "swiss (blitz)"]

1. e4 {[%emt 0:00:02]} c6 {[%emt 0:00:01]} 2. d4 {[%emt 0:00:01]} d5 {[%emt 0:00:00]} 3. e5 {[%emt 0:00:00]} Bf5 {[%emt 0:00:05]} 4. Be3 {[%emt 0:00:01]} e6 {[%emt 0:00:11]} 5. Nf3 {[%emt 0:00:01]} Qb6 {[%emt 0:00:02]} 6. Qc1 {[%emt 0:00:10]} Nd7 {[%emt 0:00:01]} 7. c3 {[%emt 0:00:01]} f6 {[%emt 0:00:01]} 8. exf6 {[%emt 0:00:04]} Ngxf6 {[%emt 0:00:02]} 9. Nh4 {[%emt 0:00:07]} Bd6 {[%emt 0:00:02]} 10. Nxf5 {[%emt 0:00:02]} exf5 {[%emt 0:00:00]} 11. b4 {[%emt 0:00:05]} O-O {[%emt 0:00:02]} 12. Bf4 {[%emt 0:00:01]} Rae8+ {[%emt 0:00:05]} 13. Be2 {[%emt 0:00:01]} Qa6 {[%emt 0:00:11]} 14. Be3 {[%emt 0:00:11]} Qb6 {[%emt 0:00:03]} 15. Bf4 {[%emt 0:00:19]} Bxf4 {[%emt 0:00:20]} 16. Qxf4 {[%emt 0:00:01]} Qb5 {[%emt 0:00:00]} 17. Qf3 {[%emt 0:00:05]} Rxe2+ {[%emt 0:00:01]} 18. Qxe2 {[%emt 0:00:02]} Re8 {[%emt 0:00:01]} 19. Qxe8+ {[%emt 0:00:05]} Nxe8 {[%emt 0:00:00]} 20. Nd2 {[%emt 0:00:01]} Nd6 {[%emt 0:00:01]} 21. O-O-O {[%emt 0:00:02]} Ne4 {[%emt 0:00:03]} 22. Nxe4 {[%emt 0:00:02]} dxe4 {[%emt 0:00:02]} 23. f3 {[%emt 0:00:02]} Nf6 {[%emt 0:00:01]} 24. fxe4 {[%emt 0:00:01]} Nxe4 {[%emt 0:00:00]} 25. Kc2 {[%emt 0:00:01]} Qe2+ {[%emt 0:00:07]} 26. Kb3 {[%emt 0:00:02]} b5 {[%emt 0:00:01]} 27. Rhe1 {[%emt 0:00:05]} Qc4+ {[%emt 0:00:03]} 28. Kb2 {[%emt 0:00:04]} Qxc3+ {[%emt 0:00:00]} 29. Kb1 {[%emt 0:00:01]} Qxb4+ {[%emt 0:00:02]} 30. Ka1 {[%emt 0:00:01]} Qc3+ {[%emt 0:00:05]} 31. Kb1 {[%emt 0:00:01]} Nd2+ {[%emt 0:00:00]} 32. Rxd2 {[%emt 0:00:02]} Qxd2 {[%emt 0:00:00]} 33. Rc1 {[%emt 0:00:01]} Qd3+ {[%emt 0:00:03]} 34. Kb2 {[%emt 0:00:03]} Qxd4+ {[%emt 0:00:01]} 35. Kb3 {[%emt 0:00:00]} Qd5+ {[%emt 0:00:04]} 36. Kb2 {[%emt 0:00:01]} a5 {[%emt 0:00:02]} 37. Rc2 {[%emt 0:00:02]} a4 {[%emt 0:00:01] Tempo Tempo Tempo (Lag: Av=0.64s, max=1.3s) (Lag: Av=0.64s, max=1.3s) (Lag: Av=0.64s, max=1.3s)} 0-1

[Event "416 Stay Safe Play From Home series"]
[Site "Emanuel Lasker Arena"]
[Date "2020.08.27"]
[Round "1"]
[White "Peondormido"]
[Black "Ionelluca"]
[Result "0-1"]
[WhiteElo "1522"]
[BlackElo "2042"]
[PlyCount "44"]
[EventDate "2020.08.27"]
[EventType "swiss (blitz)"]

1. e4 {[%emt 0:00:00]} d6 {[%emt 0:00:01]} 2. d4 {[%emt 0:00:01]} Nf6 {[%emt 0:00:00]} 3. Nc3 {[%emt 0:00:02]} c6 {[%emt 0:00:01]} 4. Bg5 {[%emt 0:00:01]} Nbd7 {[%emt 0:00:01]} 5. Nf3 {[%emt 0:00:01]} e5 {[%emt 0:00:01]} 6. Bc4 {[%emt 0:00:04]} b5 {[%emt 0:00:03]} 7. Bd3 {[%emt 0:00:01]} b4 {[%emt 0:00:01]} 8. Ne2 {[%emt 0:00:01]} Be7 {[%emt 0:00:02]} 9. O-O {[%emt 0:00:01]} Qc7 {[%emt 0:00:01]} 10. c3 {[%emt 0:00:01]} Rb8 {[%emt 0:00:04]} 11. Qd2 {[%emt 0:00:09]} a5 {[%emt 0:00:07]} 12. c4 {[%emt 0:00:06]} Nf8 {[%emt 0:00:01]} 13. b3 {[%emt 0:00:01]} Ng6 {[%emt 0:00:01]} 14. Ng3 {[%emt 0:00:06]} Bg4 {[%emt 0:00:08]} 15. Be2 {[%emt 0:00:15]} O-O {[%emt 0:00:04]} 16. h3 {[%emt 0:00:01]} Bc8 {[%emt 0:00:04]} 17. Rac1 {[%emt 0:00:06]} c5 {[%emt 0:00:05]} 18. d5 {[%emt 0:00:03]} a4 {[%emt 0:00:01]} 19. Nf5 {[%emt 0:00:03]} Re8 {[%emt 0:00:07]} 20. Nxe7+ {[%emt 0:00:02]} Qxe7 {[%emt 0:00:01]} 21. Nh2 {[%emt 0:00:03]} Nxe4 {[%emt 0:00:05]} 22. Qe3 {[%emt 0:00:02]} Nxg5 {[%emt 0:00:02] Peondormido rinde Peondormido rinde Peondormido rinde (Lag: Av=0.45s, max=1.0s) (Lag: Av=0.45s, max=1.0s) (Lag: Av=0.45s, max=1.0s)} 0-1

[Event "416 Stay Safe Play From Home series"]
[Site "Emanuel Lasker Arena"]
[Date "2020.08.27"]
[Round "2"]
[White "Hickey"]
[Black "Schachwerk_64"]
[Result "1-0"]
[WhiteElo "2122"]
[BlackElo "1862"]
[Annotator "NA"]
[PlyCount "49"]
[EventDate "2020.08.27"]
[EventType "swiss (blitz)"]

1. b3 {[%emt 0:00:01]} d5 {[%emt 0:00:01]} 2. Bb2 {[%emt 0:00:00]} Nf6 {[%emt 0:00:01]} 3. Nf3 {[%emt 0:00:00]} Bg4 {[%emt 0:00:06]} 4. Ne5 {[%emt 0:00:05]} Bf5 {[%emt 0:00:04]} 5. d3 {[%emt 0:00:04]} Nbd7 {[%emt 0:00:01]} 6. Nd2 {[%emt 0:00:01]} e6 {[%emt 0:00:07]} 7. f4 {[%emt 0:00:06]} Bd6 {[%emt 0:00:29]} 8. Ndf3 {[%emt 0:00:02]} c5 {[%emt 0:00:05]} 9. e3 {[%emt 0:00:03]} c4 {[%emt 0:00:12]} 10. dxc4 {[%emt 0:00:08]} Rc8 {[%emt 0:00:07]} 11. Bd3 {[%emt 0:00:17]} dxc4 {[%emt 0:00:14]} 12. Bxf5 {[%emt 0:00:18]} c3 {[%emt 0:00:39]} 13. Bc1 {[%emt 0:00:19]} Bxe5 {[%emt 0:00:13]} 14. fxe5 {[%emt 0:00:05]} exf5 {[%emt 0:00:18]} 15. exf6 {[%emt 0:00:02]} Qxf6 {[%emt 0:00:01]} 16. O-O {[%emt 0:00:01]} Nc5 {[%emt 0:00:07]} 17. Nd4 {[%emt 0:00:02]} g6 {[%emt 0:00:05]} 18. Qe2 {[%emt 0:00:03]} O-O {[%emt 0:00:01]} 19. Ba3 {[%emt 0:00:03]} Rfe8 {[%emt 0:00:01]} 20. Bxc5 {[%emt 0:00:01]} Rxc5 {[%emt 0:00:00]} 21. Rae1 {[%emt 0:00:01]} Rce5 {[%emt 0:00:01]} 22. Qd3 {[%emt 0:00:03]} Qg5 {[%emt 0:00:02]} 23. Qxc3 {[%emt 0:00:04]} Rxe3 {[%emt 0:00:01]} 24. Rxe3 {[%emt 0:00:00]} Rxe3 {[%emt 0:00:02]} 25. Qd2 {[%emt 0:00:01] Zeit Zeit Zeit (Lag: Av=0.57s, max=0.9s) (Lag: Av=0.57s, max=0.9s) (Lag: Av=0.57s, max=0.9s)} 1-0

[Event "416 Stay Safe Play From Home series"]
[Site "Emanuel Lasker Arena"]
[Date "2020.08.27"]
[Round "2"]
[White "Ionelluca"]
[Black "Mepe_Nika"]
[Result "0-1"]
[WhiteElo "2043"]
[BlackElo "2289"]
[PlyCount "68"]
[EventDate "2020.08.27"]
[EventType "swiss (blitz)"]

1. c4 {[%emt 0:00:09]} c6 {[%emt 0:00:01]} 2. g3 {[%emt 0:00:09]} d5 {[%emt 0:00:00]} 3. Bg2 {[%emt 0:00:01]} Nf6 {[%emt 0:00:01]} 4. Nf3 {[%emt 0:00:02]} dxc4 {[%emt 0:00:01]} 5. Na3 {[%emt 0:00:01]} Be6 {[%emt 0:00:01]} 6. Qc2 {[%emt 0:00:03]} b5 {[%emt 0:00:08]} 7. Ng5 {[%emt 0:00:03]} Bd7 {[%emt 0:00:39]} 8. Nxb5 {[%emt 0:00:06]} cxb5 {[%emt 0:00:00]} 9. Bxa8 {[%emt 0:00:02]} Nc6 {[%emt 0:00:00]} 10. Bxc6 {[%emt 0:00:08]} Bxc6 {[%emt 0:00:00]} 11. Nf3 {[%emt 0:00:01]} h5 {[%emt 0:00:05]} 12. h3 {[%emt 0:00:09]} e5 {[%emt 0:00:08]} 13. Rg1 {[%emt 0:00:10]} Bc5 {[%emt 0:00:07]} 14. d3 {[%emt 0:00:16]} e4 {[%emt 0:00:13]} 15. dxe4 {[%emt 0:00:15]} Bxe4 {[%emt 0:00:03]} 16. Qd2 {[%emt 0:00:02]} Qb6 {[%emt 0:00:04]} 17. Rg2 {[%emt 0:00:37]} O-O {[%emt 0:00:03]} 18. Kf1 {[%emt 0:00:01]} Rd8 {[%emt 0:00:02]} 19. Qe1 {[%emt 0:00:04]} Re8 {[%emt 0:00:21]} 20. Qd2 {[%emt 0:00:08]} Ng4 {[%emt 0:00:20]} 21. hxg4 {[%emt 0:00:02]} hxg4 {[%emt 0:00:00]} 22. Nh4 {[%emt 0:00:05]} Bxg2+ {[%emt 0:00:01]} 23. Kxg2 {[%emt 0:00:04]} Bxf2 {[%emt 0:00:02]} 24. Qg5 {[%emt 0:00:10]} Rxe2 {[%emt 0:00:06]} 25. Qxg4 {[%emt 0:00:01]} Qc6+ {[%emt 0:00:07]} 26. Kf1 {[%emt 0:00:04]} Bd4 {[%emt 0:00:21]} 27. Nf3 {[%emt 0:00:01]} Rf2+ {[%emt 0:00:02]} 28. Kg1 {[%emt 0:00:02]} Rxf3+ {[%emt 0:00:00]} 29. Kg2 {[%emt 0:00:01]} Rf2+ {[%emt 0:00:01]} 30. Kh3 {[%emt 0:00:01]} Qg2+ {[%emt 0:00:01]} 31. Kh4 {[%emt 0:00:00]} Bf6+ {[%emt 0:00:01]} 32. Kh5 {[%emt 0:00:01]} Qh2+ {[%emt 0:00:00]} 33. Qh4 {[%emt 0:00:01]} Bxh4 {[%emt 0:00:01]} 34. gxh4 {[%emt 0:00:01]} Rf5+ {[%emt 0:00:00] Time Time Time (Lag: Av=0.52s, max=0.9s) (Lag: Av=0.52s, max=0.9s) (Lag: Av=0.52s, max=0.9s)} 0-1

[Event "416 Stay Safe Play From Home series"]
[Site "Emanuel Lasker Arena"]
[Date "2020.08.27"]
[Round "2"]
[White "Lazieri3"]
[Black "Peondormido"]
[Result "1-0"]
[WhiteElo "2008"]
[BlackElo "1520"]
[PlyCount "93"]
[EventDate "2020.08.27"]
[EventType "swiss (blitz)"]

1. e4 {[%emt 0:00:01]} c5 {[%emt 0:00:01]} 2. Nc3 {[%emt 0:00:00]} d6 {[%emt 0:00:01]} 3. d3 {[%emt 0:00:00]} e6 {[%emt 0:00:02]} 4. Nf3 {[%emt 0:00:00]} Nf6 {[%emt 0:00:01]} 5. Bg5 {[%emt 0:00:00]} Be7 {[%emt 0:00:01]} 6. Be2 {[%emt 0:00:01]} Nbd7 {[%emt 0:00:01]} 7. h3 {[%emt 0:00:01]} O-O {[%emt 0:00:01]} 8. O-O {[%emt 0:00:01]} a6 {[%emt 0:00:00]} 9. a3 {[%emt 0:00:01]} b5 {[%emt 0:00:01]} 10. Bh4 {[%emt 0:00:01]} Bb7 {[%emt 0:00:01]} 11. Nh2 {[%emt 0:00:03]} Rc8 {[%emt 0:00:02]} 12. f4 {[%emt 0:00:01]} d5 {[%emt 0:00:05]} 13. e5 {[%emt 0:00:03]} Ne8 {[%emt 0:00:02]} 14. Bxe7 {[%emt 0:00:00]} Qxe7 {[%emt 0:00:01]} 15. Nf3 {[%emt 0:00:05]} f6 {[%emt 0:00:02]} 16. exf6 {[%emt 0:00:01]} Nexf6 {[%emt 0:00:01]} 17. Ne5 {[%emt 0:00:01]} Nxe5 {[%emt 0:00:02]} 18. fxe5 {[%emt 0:00:00]} Nd7 {[%emt 0:00:01]} 19. d4 {[%emt 0:00:02]} Qg5 {[%emt 0:00:13]} 20. Bg4 {[%emt 0:00:11]} Rce8 {[%emt 0:00:13]} 21. Rxf8+ {[%emt 0:00:07]} Nxf8 {[%emt 0:00:02]} 22. Qf3 {[%emt 0:00:04]} cxd4 {[%emt 0:00:04]} 23. Rf1 {[%emt 0:00:04]} Qg6 {[%emt 0:00:21]} 24. Ne2 {[%emt 0:00:12]} Nd7 {[%emt 0:00:07]} 25. Bh5 {[%emt 0:00:05]} Nxe5 {[%emt 0:00:21]} 26. Bxg6 {[%emt 0:00:15]} Nxf3+ {[%emt 0:00:01]} 27. Rxf3 {[%emt 0:00:01]} hxg6 {[%emt 0:00:01]} 28. Nxd4 {[%emt 0:00:04]} e5 {[%emt 0:00:03]} 29. Nb3 {[%emt 0:00:01]} d4 {[%emt 0:00:03]} 30. Rg3 {[%emt 0:00:01]} Be4 {[%emt 0:00:05]} 31. c3 {[%emt 0:00:04]} Bf5 {[%emt 0:00:04]} 32. cxd4 {[%emt 0:00:02]} e4 {[%emt 0:00:05]} 33. Rc3 {[%emt 0:00:11]} e3 {[%emt 0:00:02]} 34. Kf1 {[%emt 0:00:11]} Be6 {[%emt 0:00:07]} 35. Na5 {[%emt 0:00:17]} Bd5 {[%emt 0:00:16]} 36. g3 {[%emt 0:00:11]} Bg2+ {[%emt 0:00:02]} 37. Ke2 {[%emt 0:00:07]} Bxh3 {[%emt 0:00:06]} 38. Rxe3 {[%emt 0:00:02]} Rxe3+ {[%emt 0:00:01]} 39. Kxe3 {[%emt 0:00:00]} Kf7 {[%emt 0:00:02]} 40. d5 {[%emt 0:00:02]} Ke7 {[%emt 0:00:01]} 41. Kd4 {[%emt 0:00:00]} Kd6 {[%emt 0:00:01]} 42. Nc6 {[%emt 0:00:01]} Bd7 {[%emt 0:00:08]} 43. Nb4 {[%emt 0:00:01]} a5 {[%emt 0:00:02]} 44. Nd3 {[%emt 0:00:01]} Bf5 {[%emt 0:00:03]} 45. Ne5 {[%emt 0:00:03]} g5 {[%emt 0:00:02]} 46. a4 {[%emt 0:00:02]} b4 {[%emt 0:00:02]} 47. Nc4+ {[%emt 0:00:01] Tiempo Tiempo Tiempo (Lag: Av=0.54s, max=0.7s) (Lag: Av=0.54s, max=0.7s) (Lag: Av=0.54s, max=0.7s)} 1-0

[Event "416 Stay Safe Play From Home series"]
[Site "Emanuel Lasker Arena"]
[Date "2020.08.27"]
[Round "2"]
[White "Padmaesh M K"]
[Black "Nguyen Hong Anh"]
[Result "0-1"]
[WhiteElo "1792"]
[BlackElo "2259"]
[PlyCount "88"]
[EventDate "2020.08.27"]
[EventType "swiss (blitz)"]

1. e4 {[%emt 0:00:04]} c5 {[%emt 0:00:21]} 2. Nf3 {[%emt 0:00:10]} Nc6 {[%emt 0:00:01]} 3. Bb5 {[%emt 0:00:01]} g6 {[%emt 0:00:08]} 4. d4 {[%emt 0:00:07]} cxd4 {[%emt 0:00:07]} 5. Nxd4 {[%emt 0:00:00]} Bg7 {[%emt 0:00:01]} 6. Be3 {[%emt 0:00:02]} Nf6 {[%emt 0:00:02]} 7. Nc3 {[%emt 0:00:01]} O-O {[%emt 0:00:03]} 8. O-O {[%emt 0:00:02]} a6 {[%emt 0:00:03]} 9. Be2 {[%emt 0:00:03]} d5 {[%emt 0:00:02]} 10. exd5 {[%emt 0:00:04]} Nb4 {[%emt 0:00:04]} 11. Bf3 {[%emt 0:00:08]} Nbxd5 {[%emt 0:00:02]} 12. Nxd5 {[%emt 0:00:00]} Nxd5 {[%emt 0:00:01]} 13. c3 {[%emt 0:00:21]} Nxe3 {[%emt 0:00:06]} 14. fxe3 {[%emt 0:00:00]} Qb6 {[%emt 0:00:01]} 15. Qe2 {[%emt 0:00:04]} e5 {[%emt 0:00:03]} 16. Nb3 {[%emt 0:00:02]} Be6 {[%emt 0:00:01]} 17. Nc1 {[%emt 0:00:27]} Rfd8 {[%emt 0:00:05]} 18. Kh1 {[%emt 0:00:09]} Rac8 {[%emt 0:00:03]} 19. e4 {[%emt 0:00:19]} Bc4 {[%emt 0:00:03]} 20. Qf2 {[%emt 0:00:07]} Qd6 {[%emt 0:00:21]} 21. Ne2 {[%emt 0:00:06]} Qd2 {[%emt 0:00:02]} 22. Rfd1 {[%emt 0:00:23]} Qxb2 {[%emt 0:00:05]} 23. Rdb1 {[%emt 0:00:08]} Qd2 {[%emt 0:00:05]} 24. Rb6 {[%emt 0:00:01]} Rd7 {[%emt 0:00:05]} 25. Rab1 {[%emt 0:00:02]} Qxa2 {[%emt 0:00:02]} 26. Rxb7 {[%emt 0:00:02]} Rxb7 {[%emt 0:00:01]} 27. Rxb7 {[%emt 0:00:00]} Rd8 {[%emt 0:00:03]} 28. h3 {[%emt 0:00:03]} Qa1+ {[%emt 0:00:04]} 29. Kh2 {[%emt 0:00:00]} Qa4 {[%emt 0:00:03]} 30. Rc7 {[%emt 0:00:00]} Be6 {[%emt 0:00:02]} 31. Qe3 {[%emt 0:00:02]} Qb5 {[%emt 0:00:01]} 32. Qc5 {[%emt 0:00:00]} Qxc5 {[%emt 0:00:01]} 33. Rxc5 {[%emt 0:00:00]} Bf8 {[%emt 0:00:00]} 34. Rc7 {[%emt 0:00:00]} a5 {[%emt 0:00:01]} 35. Ra7 {[%emt 0:00:00]} Rc8 {[%emt 0:00:05]} 36. Ra6 {[%emt 0:00:00]} Bc4 {[%emt 0:00:02]} 37. Rxa5 {[%emt 0:00:01]} Bxe2 {[%emt 0:00:01]} 38. Bxe2 {[%emt 0:00:00]} Rxc3 {[%emt 0:00:00]} 39. Bf3 {[%emt 0:00:00]} Bd6 {[%emt 0:00:01]} 40. Ra8+ {[%emt 0:00:00]} Kg7 {[%emt 0:00:01]} 41. Rd8 {[%emt 0:00:00]} Bc7 {[%emt 0:00:01]} 42. Rd7 {[%emt 0:00:00]} Kf8 {[%emt 0:00:01]} 43. Kg3 {[%emt 0:00:00]} Ke8 {[%emt 0:00:01]} 44. Rd8+ {[%emt 0:00:00]} Kxd8 {[%emt 0:00:01] Time Time Time (Lag: Av=1.13s, max=1.8s) (Lag: Av=1.13s, max=1.8s) (Lag: Av=1.13s, max=1.8s)} 0-1

[Event "416 Stay Safe Play From Home series"]
[Site "Emanuel Lasker Arena"]
[Date "2020.08.27"]
[Round "2"]
[White "Holm123"]
[Black "GMONIK"]
[Result "0-1"]
[WhiteElo "1403"]
[BlackElo "1659"]
[Annotator "NA"]
[PlyCount "78"]
[EventDate "2020.08.27"]
[EventType "swiss (blitz)"]

1. e4 {[%emt 0:00:02]} c6 {[%emt 0:00:04]} 2. Nf3 {[%emt 0:00:01]} d5 {[%emt 0:00:01]} 3. exd5 {[%emt 0:00:01]} cxd5 {[%emt 0:00:02]} 4. d4 {[%emt 0:00:01]} Bg4 {[%emt 0:00:01]} 5. Be2 {[%emt 0:00:02]} Nf6 {[%emt 0:00:01]} 6. h3 {[%emt 0:00:01]} Bh5 {[%emt 0:00:01]} 7. Nc3 {[%emt 0:00:02]} e6 {[%emt 0:00:02]} 8. a3 {[%emt 0:00:02]} a6 {[%emt 0:00:02]} 9. g4 {[%emt 0:00:01]} Bg6 {[%emt 0:00:01]} 10. Ne5 {[%emt 0:00:01]} Bd6 {[%emt 0:00:06]} 11. Nxg6 {[%emt 0:00:01]} hxg6 {[%emt 0:00:01]} 12. f4 {[%emt 0:00:16]} Qc7 {[%emt 0:00:02]} 13. O-O {[%emt 0:00:06]} Ne4 {[%emt 0:00:06]} 14. Nxe4 {[%emt 0:00:02]} dxe4 {[%emt 0:00:01]} 15. Be3 {[%emt 0:00:06]} Rxh3 {[%emt 0:00:02]} 16. Kg2 {[%emt 0:00:07]} Rxe3 {[%emt 0:00:02]} 17. Rh1 {[%emt 0:00:04]} Bxf4 {[%emt 0:00:04]} 18. Rh8+ {[%emt 0:00:02]} Ke7 {[%emt 0:00:00]} 19. c4 {[%emt 0:00:05]} Bh6 {[%emt 0:00:06]} 20. Qe1 {[%emt 0:00:11]} Ra7 {[%emt 0:00:11]} 21. Qb4+ {[%emt 0:00:03]} Qd6 {[%emt 0:00:05]} 22. Qxd6+ {[%emt 0:00:04]} Kxd6 {[%emt 0:00:01]} 23. Kf2 {[%emt 0:00:02]} Rxe2+ {[%emt 0:00:01]} 24. Kxe2 {[%emt 0:00:02]} Nc6 {[%emt 0:00:06]} 25. c5+ {[%emt 0:00:02]} Kd5 {[%emt 0:00:03]} 26. Rd1 {[%emt 0:00:12]} Kc4 {[%emt 0:00:12]} 27. Rc1+ {[%emt 0:00:06]} Bxc1 {[%emt 0:00:03]} 28. Rh1 {[%emt 0:00:05]} Bxb2 {[%emt 0:00:14]} 29. Ke3 {[%emt 0:00:05]} Bxd4+ {[%emt 0:00:02]} 30. Kxe4 {[%emt 0:00:01]} f5+ {[%emt 0:00:02]} 31. gxf5 {[%emt 0:00:05]} gxf5+ {[%emt 0:00:00]} 32. Kf3 {[%emt 0:00:06]} Ra8 {[%emt 0:00:05]} 33. Rc1+ {[%emt 0:00:01]} Kd5 {[%emt 0:00:01]} 34. Kf4 {[%emt 0:00:04]} Be5+ {[%emt 0:00:03]} 35. Kg5 {[%emt 0:00:02]} Ne7 {[%emt 0:00:04]} 36. Rd1+ {[%emt 0:00:06]} Kxc5 {[%emt 0:00:02]} 37. Rd7 {[%emt 0:00:01]} Bf6+ {[%emt 0:00:01]} 38. Kf4 {[%emt 0:00:04]} Ng6+ {[%emt 0:00:01]} 39. Kf3 {[%emt 0:00:05]} Ne5+ {[%emt 0:00:01] Holm123 gibt auf Holm123 gibt auf Holm123 gibt auf (Lag: Av=0.41s, max=0.9s) (Lag: Av=0.41s, max=0.9s) (Lag: Av=0.41s, max=0.9s)} 0-1